| 000 | 00577nam a2200157 a 4500 | ||
|---|---|---|---|
| 005 | 20140412111307.0 | ||
| 008 | 010503s19uu xx 00 eng d | ||
| 050 |
_aTR(GS 372 _bS22 1987 |
||
| 100 | _aSpancer, Cookie | ||
| 245 |
_aMath: to develop your child's gifts and talents / _cwritten by Cookie Spancer; edited by Susan Amerikaner and Ann Laner; illustrated by Leesa Whitten. |
||
| 260 |
_aNew York : _bPlaymore, Inc. Publishers, _c1987. |
||
| 300 | _a48p. ; ill. | ||
| 440 | _aGifted & Talented Workbooks | ||
| 650 | _aMathematics-Juvenile literature | ||
| 999 |
_c103731 _d103731 |
||